Score 0/26 Timer 03:00
0 Plays Today
4-Letter Word Clue Answer % Correct
Superman wears one on his backCAPE
99.4%
A ____ of Two CitiesTALE
98.7%
An adhesive roll, Scotch for oneTAPE
98.4%
Boy, not girlMALE
97.7%
Bottom of the shoeSOLE
95.6%
5280 feet, unless nauticalMILE
94%
All you need is ____LOVE
93.1%
Sight for ____ eyesSORE
92.7%
Fail to winLOSE
92.4%
Green fruit, consumed with tequila & saltLIME
91.6%
TV shown as it happensLIVE
91.4%
One of a dozen sent on ValentinesROSE
90.2%
I ____, I saw, I conqueredCAME
89.2%
4-Letter Word Clue Answer % Correct
CreatedMADE
87.2%
Failing to meet a deadlineLATE
85.7%
Oliver Twist's food requestMORE
84.9%
Like weak excusesLAME
84.1%
Pepper sprayMACE
83.8%
Italians wander hereROME
83.6%
Stadium coverDOME
83.1%
Female knighthoodDAME
82.8%
Walk worriedlyPACE
79.8%
Liver spread starterPATE
77.6%
Highly offensive, distastefulVILE
77.2%
Functioning optionMODE
76.3%
Small rodentVOLE
75%

Today's Daily Dose

Missing Word
'T' Pairs

Word Ladder
Game Pieces

Get the Picture
Baseball Movies

Remove Ads.
Support Sporcle.
Get the best of Sporcle when you Go Orange. This ad-free experience offers more features, more stats, and more fun while also helping to support Sporcle. Thank you for becoming a member.

You're not logged in!

Compare scores with friends on all Sporcle quizzes.
OR
Log In

Show Comments

Extras

Top Quizzes Today


Score Distribution

Your Account Isn't Verified!

In order to create a playlist on Sporcle, you need to verify the email address you used during registration. Go to your Sporcle Settings to finish the process.

Report this User

Report this user for behavior that violates our Community Guidelines.

Details: